| 000 | 00527nam a2200229Ia 4500 | ||
|---|---|---|---|
| 008 | 210210b1967 xxu||||| |||| 00| 0 eng d | ||
| 041 | _aeng | ||
| 082 | _a909 HOLL | ||
| 100 | _aHOLLISTER (C Warren) | ||
| 245 | _aLandmarks of the Western heritage since 1500 | ||
| 260 |
_aN Y _bJohn Wiley and Sons _c1967 |
||
| 300 | _a640 | ||
| 650 | _aWestern | ||
| 650 | _athe | ||
| 650 | _asince | ||
| 650 | _aof | ||
| 650 | _aLandmarks | ||
| 650 | _aheritage | ||
| 650 | _a1500 | ||
| 690 | _aWorld History | ||
| 906 | _a028256 | ||
| 999 |
_c79510 _d79510 |
||